Introducción a la entomología: morfología y taxonomía de los insectos

Saved in:
Bibliografiske detaljer
Main Authors: Coronado Padilla, Ricardo (Author), Márquez Delgado, Antonio (Author)
Format: Bog
Sprog:spansk
Udgivet: Ciudad de México Centro Regional de Ayuda Técnica 1972
Fag:
Tags: Tilføj Tag
Ingen Tags, Vær først til at tagge denne postø!

MARC

LEADER 00000nam a2200000 a 4500
001 UCR9163
003 CL-VaPUC
008 980613e19720000MX |||||||||||||||||spa|d
082 0 4 |a 595.7  |b COR  |2 21 
100 0 |a Coronado Padilla, Ricardo  |e author  |9 411399 
700 0 |a Márquez Delgado, Antonio  |e author  |9 411400 
245 1 0 |a Introducción a la entomología: morfología y taxonomía de los insectos 
300 |a 282 p 
942 |c BK 
945 |d 19980613 00:00:00  |a mvenant 
260 |a Ciudad de México  |b Centro Regional de Ayuda Técnica  |c 1972 
650 0 |a Entomología   |9 269835 
650 0 |a Insectos   |9 264174 
650 7 |a IDENTIFICACION  |2 CL-VaPUC  |9 261244 
650 0 |a Taxonomía zoológica   |9 411401 
583 |a last modification  |c 19980613 00:00:00  |k Rodrigo Vera 
999 |c 270375  |d 270373